[Event "SVM_Verbandsliga_Nord_2023-24"]
[Site "?"]
[Date "2023.09.03"]
[Round "1.1"]
[White "Hoffmann, Klaus-Peter"]
[Black "Kersten, Alexander"]
[Result "0-1"]
[WhiteElo "2064"]
[BlackElo "1929"]
[PlyCount "72"]
[EventDate "2023.09.03"]
[WhiteTeam "SV KS Leverkusen 1"]
[BlackTeam "BSG Rheinpark 1"]

1. Nf3 c5 2. g3 g6 3. Bg2 Bg7 4. O-O Nc6 5. d3 d6 6. c4 Qd7 7. Nc3 b6 8. Bd2
Bb7 9. Rb1 e6 10. a3 Nge7 11. b4 O-O 12. Qc1 Rfe8 13. Ne4 f5 14. Neg5 h6 15.
Nh3 Kh7 16. Nf4 Nd8 17. bxc5 dxc5 18. Bc3 Nec6 19. Bxg7 Qxg7 20. e3 g5 21. Ne2
Nf7 22. d4 g4 23. Nh4 Nd6 24. dxc5 bxc5 25. Rd1 Rad8 26. Nf4 Ba8 27. Qc2 Nf7
28. Rxd8 Nfxd8 29. Nh5 Qe5 30. Rd1 Re7 31. Rxd8 Nxd8 32. Bxa8 Nf7 33. Nf4 Rd7
34. Bc6 Qa1+ 35. Kg2 Rd1 36. h3 Rh1 0-1

[Event "SVM_Verbandsliga_Nord_2023-24"]
[Site "?"]
[Date "2023.09.03"]
[Round "1.3"]
[White "Blomeyer, Peter"]
[Black "Dizdarevic, Alen"]
[Result "1-0"]
[WhiteElo "1819"]
[BlackElo "1771"]
[PlyCount "99"]
[EventDate "2023.09.03"]
[WhiteTeam "SV KS Leverkusen 1"]
[BlackTeam "BSG Rheinpark 1"]

1. c4 Nf6 2. Nf3 g6 3. g3 Bg7 4. Bg2 O-O 5. O-O d6 6. d3 Nc6 7. Nc3 e5 8. Rb1
a5 9. a3 Nd4 10. b4 axb4 11. axb4 Bg4 12. Bg5 Bxf3 13. exf3 h6 14. Be3 Rb8 15.
f4 Nf5 16. Ne4 Re8 17. fxe5 dxe5 18. Nxf6+ Qxf6 19. Qe2 Red8 20. Be4 Nd4 21.
Bxd4 exd4 22. f4 Re8 23. Qg2 b6 24. g4 Qd6 25. g5 c5 26. b5 h5 27. Ra1 Re7 28.
f5 Be5 29. Qf2 Rc7 30. Ra2 Kg7 31. Qf3 Re8 32. Bc6 Rd8 33. Rff2 Rdc8 34. Ra6
Rb8 35. Ra1 Rd8 36. Re2 Bf4 37. h4 Be3+ 38. Kg2 Qe5 39. Be4 Re8 40. Ra6 Rb8 41.
Rea2 Qf4 42. Qg3 Qxg3+ 43. Kxg3 gxf5 44. Bxf5 Re7 45. Be4 f5 46. Bxf5 Rf8 47.
Be4 Rf4 48. Ra7 Rxa7 49. Rxa7+ Kf8 50. Bf3 1-0

[Event "SVM_Verbandsliga_Nord_2023-24"]
[Site "?"]
[Date "2023.09.03"]
[Round "1.4"]
[White "Greb, Michael"]
[Black "Wirtz, Uwe"]
[Result "1-0"]
[WhiteElo "1702"]
[BlackElo "1782"]
[PlyCount "59"]
[EventDate "2023.09.03"]
[WhiteTeam "BSG Rheinpark 1"]
[BlackTeam "SV KS Leverkusen 1"]

1. e4 Nf6 2. e5 Nd5 3. c4 Nb6 4. d4 d6 5. exd6 exd6 6. Be2 Be7 7. Nf3 Bg4 8.
Nc3 O-O 9. O-O Re8 10. h3 Bh5 11. a4 a5 12. g4 Bg6 13. Be3 Na6 14. Qd2 Nb4 15.
Rfd1 Qd7 16. b3 c6 17. Na2 Nxa2 18. Rxa2 f5 19. Nh2 Bd8 20. Bd3 Rf8 21. f4 Bc7
22. g5 Rae8 23. Re1 d5 24. c5 Nc8 25. Nf3 Ne7 26. Ne5 Bxe5 27. dxe5 d4 28. Bc4+
Bf7 29. Qxd4 Bxc4 30. Qxd7 1-0

[Event "SVM_Verbandsliga_Nord_2023-24"]
[Site "?"]
[Date "2023.09.03"]
[Round "1.5"]
[White "Asadzade, Muhammed"]
[Black "Weiland, Herbert"]
[Result "1/2-1/2"]
[WhiteElo "1597"]
[BlackElo "1692"]
[PlyCount "78"]
[EventDate "2023.09.03"]
[WhiteTeam "SV KS Leverkusen 1"]
[BlackTeam "BSG Rheinpark 1"]

1. d4 d5 2. c4 e6 3. Nc3 Nf6 4. Nf3 Be7 5. Bf4 O-O 6. e3 c5 7. cxd5 Nxd5 8.
Nxd5 exd5 9. Be2 Nc6 10. O-O Bg4 11. dxc5 Bxc5 12. Qb3 Na5 13. Qb5 Qb6 14. Qxb6
Bxb6 15. Rfd1 Rfd8 16. Rac1 Nc6 17. h3 Bh5 18. g4 Bg6 19. Ne5 Nxe5 20. Bxe5
Rac8 21. Rxc8 Rxc8 22. Bc3 Rd8 23. a4 Bc2 24. Ra1 d4 25. Bxd4 Bxd4 26. exd4 h6
27. Bd1 Be4 28. f3 Bc6 29. Bc2 Rxd4 30. Rd1 Rxd1+ 31. Bxd1 a5 32. Kf2 Kf8 33.
Ke3 Ke7 34. f4 Kd6 35. Kd4 g5 36. fxg5 hxg5 37. Ke3 Ke5 38. Bb3 f6 39. Bd1 b6
1/2-1/2

[Event "SVM_Verbandsliga_Nord_2023-24"]
[Site "?"]
[Date "2023.09.03"]
[Round "1.6"]
[White "Rosen, Daniel"]
[Black "Granz, Thomas"]
[Result "0-1"]
[WhiteElo "1681"]
[BlackElo "1738"]
[PlyCount "78"]
[EventDate "2023.09.03"]
[WhiteTeam "BSG Rheinpark 1"]
[BlackTeam "SV KS Leverkusen 1"]

1. Nf3 d5 2. g3 Nc6 3. Bg2 e5 4. d3 Be7 5. Nbd2 Nf6 6. O-O O-O 7. e4 Be6 8. Qe2
d4 9. h3 b5 10. Ng5 Bc8 11. f4 h6 12. Ngf3 Bd6 13. f5 Bb7 14. g4 Nb4 15. Nb3 c5
16. a3 Nc6 17. Bd2 a5 18. a4 bxa4 19. Rxa4 Nb4 20. c3 Nc6 21. Rfa1 Qb6 22. Nc1
Qxb2 23. cxd4 cxd4 24. Qe1 Bb4 25. R4a2 Bxd2 26. Nxd2 Qc3 27. Rb1 Nb4 28. Rab2
Ba6 29. Rb3 Qc5 30. Bf3 Rfb8 31. h4 a4 32. R3b2 Nd7 33. Nc4 Nxd3 34. Rxb8+ Rxb8
35. Rxb8+ Nxb8 36. Nxd3 Qxc4 37. Nxe5 Qc3 38. Qg3 Qc7 39. g5 Nd7 0-1

[Event "SVM_Verbandsliga_Nord_2023-24"]
[Site "?"]
[Date "2023.09.03"]
[Round "1.7"]
[White "Geiser, Dietmar"]
[Black "Stoltefuss, Rolf"]
[Result "0-1"]
[WhiteElo "1623"]
[BlackElo "1842"]
[PlyCount "32"]
[EventDate "2023.09.03"]
[WhiteTeam "SV KS Leverkusen 1"]
[BlackTeam "BSG Rheinpark 1"]

1. e4 e5 2. Nf3 f5 3. d3 Nc6 4. Nc3 Bb4 5. Bd2 Nf6 6. Nd5 Bxd2+ 7. Nxd2 O-O 8.
Be2 fxe4 9. Nxf6+ Qxf6 10. Nxe4 Qh4 11. O-O d5 12. Ng3 Rf6 13. f3 Rh6 14. Kf2
Qd4+ 15. Ke1 Rxh2 16. c3 Qh4 0-1

[Event "SVM_Verbandsliga_Nord_2023-24"]
[Site "?"]
[Date "2023.09.03"]
[Round "1.8"]
[White "Wirfs, Joachim"]
[Black "Mizich, Vadim"]
[Result "1-0"]
[WhiteElo "1671"]
[BlackElo "1414"]
[PlyCount "69"]
[EventDate "2023.09.03"]
[WhiteTeam "BSG Rheinpark 1"]
[BlackTeam "SV KS Leverkusen 1"]

1. d4 d5 2. c4 dxc4 3. Nc3 Nf6 4. e3 Bf5 5. Bxc4 e6 6. Nf3 Nc6 7. O-O Be7 8. a3
O-O 9. b4 a6 10. Bb2 Bg4 11. h3 Bh5 12. Rc1 Re8 13. Bd3 Qd6 14. Ne4 Nxe4 15.
Bxe4 Nd8 16. Rc5 Bxf3 17. Qxf3 Qb6 18. Rc2 Bf6 19. Rfc1 c6 20. Rc5 a5 21. R5c4
Rc8 22. Qh5 g6 23. Qxa5 Qxa5 24. bxa5 e5 25. d5 Ra8 26. dxc6 Rxa5 27. cxb7 Nxb7
28. Bxb7 Rb5 29. Rb4 Rxb4 30. axb4 Re6 31. Rc8+ Kg7 32. b5 Rb6 33. Bc6 e4 34.
Ba3 Kh6 35. Bc5 1-0

[Event "SVM_Verbandsliga_Nord_2023-24"]
[Site "?"]
[Date "2023.09.03"]
[Round "1.1"]
[White "Happ, Tobias"]
[Black "Loeschcke, Christian"]
[Result "0-1"]
[WhiteElo "2019"]
[BlackElo "1928"]
[PlyCount "72"]
[EventDate "2023.09.03"]
[WhiteTeam "SV Springer Hitdorf 1"]
[BlackTeam "Lasker Köln 3"]

1. d4 Nf6 2. c4 g6 3. Nf3 Bg7 4. g3 O-O 5. Bg2 c5 6. Nc3 Nc6 7. d5 Na5 8. Qd3
d6 9. O-O a6 10. e4 b5 11. cxb5 axb5 12. Nxb5 Ba6 13. a4 c4 14. Qc2 Qb8 15. Nc3
Nb3 16. Ra3 Nd7 17. Be3 Ndc5 18. Bxc5 Nxc5 19. Rb1 Qb4 20. Na2 Qb6 21. a5 Qb5
22. Bf1 Rfb8 23. b4 cxb3 24. Raxb3 Qxf1+ 25. Rxf1 Rxb3 26. Rb1 Rab8 27. Rxb3
Rxb3 28. Nc1 Rxf3 29. Kg2 Rc3 30. Qb1 Bd4 31. Qb8+ Kg7 32. Na2 Rc2 33. Nb4
Rxf2+ 34. Kh3 Bf1+ 35. Kh4 Bf6+ 36. Kg4 h5# 0-1

[Event "SVM_Verbandsliga_Nord_2023-24"]
[Site "?"]
[Date "2023.09.03"]
[Round "1.2"]
[White "Pericic, Boris"]
[Black "Schmitz, Andreas Arnold"]
[Result "0-1"]
[WhiteElo "1821"]
[BlackElo "2002"]
[PlyCount "118"]
[EventDate "2023.09.03"]
[WhiteTeam "Lasker Köln 3"]
[BlackTeam "SV Springer Hitdorf 1"]

1. e4 e6 2. d4 d5 3. Nc3 Bb4 4. a3 Bxc3+ 5. bxc3 dxe4 6. Qg4 Nf6 7. Qxg7 Rg8 8.
Qh6 Rg6 9. Qd2 b6 10. Bb2 Bb7 11. O-O-O Nbd7 12. Kb1 Qe7 13. h4 h5 14. Nh3
O-O-O 15. Ng5 Ng4 16. Nxe4 Bxe4 17. f3 Bb7 18. fxg4 Rxg4 19. c4 Nc5 20. Qb4 a5
21. Qb5 Rxh4 22. Be2 Rxh1 23. Rxh1 Ne4 24. Rxh5 Ng3 25. c5 c6 26. Qxb6 Nxe2 27.
Qxa5 Nxd4 28. a4 Qf6 29. Rh1 Qf2 30. Rc1 e5 31. Qb6 Ne6 32. Ba3 Qe2 33. a5 Rd1
34. Qb3 Rxc1+ 35. Kxc1 Qf1+ 36. Kb2 Qxg2 37. Qd3 Nc7 38. Qf5+ Kb8 39. Qxe5 Qd5
40. Qf6 Nb5 41. Qh8+ Ka7 42. Bb4 Qd4+ 43. Qxd4 Nxd4 44. Kc3 Ne6 45. Kd3 f5 46.
Ke3 Ka6 47. c4 Bc8 48. Kd3 Kb7 49. Ba3 Kc7 50. Ke3 Ba6 51. Kd3 Kd7 52. Bb2 Ke7
53. Bc3 Nxc5+ 54. Kd4 Nd7 55. c5 Ke6 56. Bd2 Ne5 57. Bf4 Nc4 58. Bc7 Kd7 59.
Bf4 Nxa5 0-1

[Event "SVM_Verbandsliga_Nord_2023-24"]
[Site "?"]
[Date "2023.09.03"]
[Round "1.3"]
[White "Schmitz, Manuela"]
[Black "Hüllen, Rene"]
[Result "1/2-1/2"]
[WhiteElo "1827"]
[BlackElo "1981"]
[PlyCount "48"]
[EventDate "2023.09.03"]
[WhiteTeam "SV Springer Hitdorf 1"]
[BlackTeam "Lasker Köln 3"]

1. d4 d5 2. Nf3 e6 3. c4 c5 4. e3 Nf6 5. Nc3 Nc6 6. Be2 a6 7. O-O Bd6 8. b3
O-O 9. Bb2 b6 10. Rc1 Bb7 11. cxd5 Nxd5 12. Ne4 cxd4 13. Nxd4 Nce7 14. Nxd6
Qxd6 15. Bf3 e5 16. Ne2 Qe6 17. Bxd5 Nxd5 18. Nc3 Rfd8 19. Qe2 Rac8 20. f3 f5
21. Nxd5 Rxc1 22. Ne7+ Qxe7 23. Rxc1 Rd7 24. Rd1 Rxd1+ 1/2-1/2

[Event "SVM_Verbandsliga_Nord_2023-24"]
[Site "?"]
[Date "2023.05.03"]
[Round "1.4"]
[White "Simon, Martin"]
[Black "Hoffmann, Frank"]
[Result "1-0"]
[WhiteElo "1886"]
[BlackElo "1753"]
[PlyCount "97"]
[EventDate "2023.??.??"]

1. d4 f5 2. Nf3 Nf6 3. c4 g6 4. Nc3 Bg7 5. Qc2 O-O 6. g3 b6 7. Bg2 Bb7 8.
O-O Na6 9. Ne5 Bxg2 10. Kxg2 c6 11. f3 Qc8 12. Qa4 Nc7 13. Rd1 e6 14. Be3 a6
15. Qc2 b5 16. b3 Qb7 17. Bf2 d5 18. Rab1 Rad8 19. a4 b4 20. Na2 a5 21. Nc1 Nd7
22. Ncd3 Nxe5 23. dxe5 Na6 24. Bc5 Nxc5 25. Nxc5 Qe7 26. Nd3 Rc8 27. e3 g5 28.
f4 Kf7 29. Rbc1 gxf4 30. exf4 Rfd8 31. Qe2 Kg8 32. Qf2 c5 33. cxd5 Rxd5 34. Nb2
Bf8 35. Nc4 Qd8 36. Qe2 Ra8 37. g4 Ra7 38. Ne3 Rd4 39. gxf5 Rg7+ 40. Kh3 Qa8
41. Rxd4 cxd4 42. Ng4 exf5 43. Nh6+ Kh8 44. Nxf5 Rg6 45. Re1 d3 46. Qe4 Qd8 47.
Rd1 d2 48. e6 Be7 49. Qd4+ 1-0

[Event "SVM_Verbandsliga_Nord_2023-24"]
[Site "?"]
[Date "2023.09.03"]
[Round "1.5"]
[White "van de Linde, Holger"]
[Black "Ledbetter, Ralf"]
[Result "1-0"]
[WhiteElo "1643"]
[BlackElo "1936"]
[PlyCount "50"]
[EventDate "2023.09.03"]
[WhiteTeam "SV Springer Hitdrof 1"]
[BlackTeam "Lasker Köln 3"]

1. e4 c5 2. Nc3 d6 3. Nf3 Nf6 4. Bc4 e6 5. d3 d5 6. Bb5+
Bd7 7. Bxd7+ Nbxd7 8. e5 d4 9. exf6 dxc3 10. fxg7 Bxg7 11. b3 e5 12. O-O b5 13.
Re1 O-O 14. Bg5 Bf6 15. Bxf6 Qxf6 16. Re4 Rfe8 17. Rg4+ Kh8 18. Ng5 Rg8 19. Ne4
Qe7 20. Rxg8+ Rxg8 21. Qf3 b4 22. Re1 Rg6 23. Ng3 f6 24. Qa8+ Nf8 25. Nf5 Qd7
1-0

[Event "SVM_Verbandsliga_Nord_2023-24"]
[Site "?"]
[Date "2023.09.03"]
[Round "1.6"]
[White "Kröger, Sven"]
[Black "Leichter, Gerhard"]
[Result "1/2-1/2"]
[WhiteElo "1601"]
[BlackElo "1626"]
[PlyCount "48"]
[EventDate "2023.09.03"]
[WhiteTeam "Lasker Köln 3"]
[BlackTeam "SV Springer Hitdorf 1"]

1. Nf3 Nf6 2. c4 e6 3. g3 b6 4. Bg2 Bb7 5. O-O g6 6. d4 d5 7. Ne5 Bg7 8. Qa4+
Nbd7 9. Nc6 Bxc6 10. Qxc6 O-O 11. Nc3 Rc8 12. cxd5 Nb8 13. Qc4 exd5 14. Qa4 c5
15. Bh3 Nbd7 16. Bg5 cxd4 17. Nxd5 Nc5 18. Nxf6+ Bxf6 19. Bxf6 Nxa4 20. Bxd8
Rcxd8 21. Rfb1 Rfe8 22. Kf1 Re7 23. b3 Nc3 24. Rb2 Rde8 1/2-1/2

[Event "SVM_Verbandsliga_Nord_2023-24"]
[Site "?"]
[Date "2023.09.03"]
[Round "1.7"]
[White "Happ, Manfred"]
[Black "Verch, Marco"]
[Result "0-1"]
[WhiteElo "1403"]
[BlackElo "1808"]
[PlyCount "86"]
[EventDate "2023.09.03"]
[WhiteTeam "SV Springer Hitdorf 1"]
[BlackTeam "Lasker Köln 3"]

1. c4 c5 2. Nc3 b6 3. Nf3 Bb7 4. e4 Nf6 5. d3 e6 6.
Bf4 Be7 7. e5 Nh5 8. Be3 g6 9. Bh6 f5 10. Nb5 Nc6 11. a3 a6 12. Nc3 Qc7 13. Be2
Nxe5 14. O-O Ng4 15. h3 Nxh6 16. Ne1 Nf6 17. Bf3 Nf7 18. Bxb7 Qxb7 19. Nf3 O-O
20. Qd2 Rae8 21. Rfe1 Bd6 22. Ng5 Bb8 23. Nxf7 Rxf7 24. Re2 Qc7 25. g3 f4 26.
gxf4 Qxf4 27. Qxf4 Bxf4 28. Na4 Bc7 29. b4 cxb4 30. axb4 Nh5 31. Re4 Nf4 32.
Re3 Ref8 33. Ra2 Rf5 34. c5 b5 35. Nc3 Nd5 36. Nxd5 Rxd5 37. Rxa6 Bf4 38. Re4
Rxd3 39. Kg2 Rd2 40. Kf1 Bg3 41. f4 Bxf4 42. Ke1 Rb2 43. c6 Bg3+ 0-1

[Event "SVM_Verbandsliga_Nord_2023-24"]
[Site "?"]
[Date "2023.09.03"]
[Round "1.1"]
[White "Eulering, Georg"]
[Black "Bausch, Thomas"]
[Result "1/2-1/2"]
[WhiteElo "2102"]
[BlackElo "2071"]
[PlyCount "61"]
[EventDate "2023.09.03"]
[WhiteTeam "SF Schlebusch 1"]
[BlackTeam "Pulheimer SC 1"]

1. e4 e5 2. Nf3 Nc6 3. Nc3 Nf6 4. d4 exd4 5. Nxd4 Bb4 6. Nxc6 bxc6 7. Bd3 d5 8.
exd5 O-O 9. O-O cxd5 10. Qf3 c6 11. h3 a5 12. Bf4 Bd6 13. Rfe1 Be6 14. Ne2 c5
15. c3 Rb8 16. b3 Bxf4 17. Nxf4 Qd7 18. Nxe6 fxe6 19. Qe3 a4 20. Bc2 c4 21. b4
Rfe8 22. Qd4 a3 23. Re3 Re7 24. Rae1 Rbe8 25. f4 Kf7 26. g4 g6 27. Kg2 Qa7 28.
Qe5 Qc7 29. Qd4 Qa7 30. Qe5 Qc7 31. Qd4 1/2-1/2

[Event "SVM_Verbandsliga_Nord_2023-24"]
[Site "?"]
[Date "2023.09.03"]
[Round "1.2"]
[White "Jülich, Thomas"]
[Black "Pyka, Andreas"]
[Result "0-1"]
[WhiteElo "1961"]
[BlackElo "2014"]
[PlyCount "60"]
[EventDate "2023.09.03"]
[WhiteTeam "Pulheimer SC 1"]
[BlackTeam "SF Schlebusch 1"]

1. e4 d6 2. d4 g6 3. Nc3 Bg7 4. Be3 a6 5. Nf3 Nf6 6. h3 O-O 7. Be2 b5 8. a3 Bb7
9. Nd2 Nc6 10. d5 Nb8 11. O-O c6 12. dxc6 Nxc6 13. Qe1 Rc8 14. a4 b4 15. Nd5
Nxd5 16. exd5 Na5 17. c4 Bxb2 18. Rb1 Bc3 19. Bh6 Nxc4 20. Bxc4 Rxc4 21. Bxf8
Kxf8 22. Qe2 Rd4 23. Ne4 Bxd5 24. Nxc3 bxc3 25. Qxa6 c2 26. Rbc1 Bb3 27. a5 e5
28. Rfe1 Kg7 29. Ra1 Qg5 30. Qb5 Bc4 0-1

[Event "SVM_Verbandsliga_Nord_2023-24"]
[Site "?"]
[Date "2023.09.03"]
[Round "1.3"]
[White "Themm, Rainer"]
[Black "Laschewski, Andreas"]
[Result "1/2-1/2"]
[WhiteElo "1826"]
[BlackElo "1910"]
[PlyCount "165"]
[EventDate "2023.09.03"]
[WhiteTeam "SF Schlebusch 1"]
[BlackTeam "Pulheimer SC 1"]

1. d4 Nf6 2. c4 c5 3. e3 g6 4. Nf3 Bg7 5. Nc3 O-O 6. Be2 b6 7. O-O Bb7 8. Qc2
d6 9. b3 Nbd7 10. Bb2 a6 11. Rad1 Qc7 12. d5 e6 13. e4 exd5 14. exd5 Rfe8 15.
Rfe1 Re7 16. Bd3 Rae8 17. Rxe7 Rxe7 18. h3 Qd8 19. Qd2 Ne5 20. Nxe5 Rxe5 21.
Re1 Rxe1+ 22. Qxe1 Nd7 23. Qe2 Kf8 24. Nd1 Bxb2 25. Qxb2 Qf6 26. Qxf6 Nxf6 27.
Nc3 Ke7 28. f3 Bc8 29. Kf2 Bd7 30. g4 h6 31. Kg3 Ne8 32. f4 Ng7 33. Kf3 Ne8 34.
Kg3 Ng7 35. Kf3 g5 36. fxg5 hxg5 37. Ne4 f6 38. Ng3 b5 39. Nf5+ Nxf5 40. Bxf5
Be8 41. Bc2 bxc4 42. bxc4 Bd7 43. Kg3 Kf8 44. Kf3 Kg7 45. Kg3 Kh6 46. Kf3 Be8
47. Kg3 Kg7 48. Kf3 Kf8 49. a4 a5 50. Kg3 Ke7 51. Kf3 Bd7 52. Kg3 Be8 53. Kf3
f5 54. gxf5 Kf6 55. Kg4 Bd7 56. Kf3 Bxf5 57. Bxf5 Kxf5 58. Kg3 Ke5 59. Kg4 Kd4
60. Kxg5 Kxc4 61. h4 Kxd5 62. h5 c4 63. h6 c3 64. h7 c2 65. h8=Q c1=Q+ 66. Kg4
Qd1+ 67. Kg3 Qd3+ 68. Kg2 Qe2+ 69. Kg1 Qg4+ 70. Kf1 Kc4 71. Qd8 Qd1+ 72. Kg2
Qd2+ 73. Kf1 Kb3 74. Qd7 Qc1+ 75. Ke2 Qc2+ 76. Ke1 Qc1+ 77. Ke2 Qc4+ 78. Kd2 d5
79. Qb5+ Qb4+ 80. Kd3 d4 81. Qxb4+ axb4 82. Kxd4 Kxa4 83. Kc4 1/2-1/2

[Event "SVM_Verbandsliga_Nord_2023-24"]
[Site "?"]
[Date "2023.09.03"]
[Round "1.4"]
[White "Nettekoven, Wolfgang"]
[Black "Rohde, Ricky"]
[Result "0-1"]
[WhiteElo "1738"]
[BlackElo "1895"]
[PlyCount "48"]
[EventDate "2023.09.03"]
[WhiteTeam "Pulheimer SC 1"]
[BlackTeam "SF Schlebusch 1"]

1. e4 d5 2. exd5 Nf6 3. d4 Bg4 4. Bb5+ Nbd7 5. Be2 Bxe2 6. Qxe2 Nxd5 7. c4 N5f6
8. Nf3 e6 9. O-O Be7 10. Nc3 O-O 11. b3 Re8 12. Bb2 c5 13. Rad1 Qa5 14. Ba1
Rad8 15. Rfe1 cxd4 16. Nxd4 Bb4 17. Qc2 a6 18. Nf3 b5 19. Ne5 Nxe5 20. Rxe5
Bxc3 21. b4 Rxd1+ 22. Qxd1 Qxb4 23. Re3 Bxa1 24. Qxa1 bxc4 0-1

[Event "SVM_Verbandsliga_Nord_2023-24"]
[Site "?"]
[Date "2023.09.03"]
[Round "1.5"]
[White "Nafe, Bernd"]
[Black "Hajek, Florian"]
[Result "1/2-1/2"]
[WhiteElo "1831"]
[BlackElo "1789"]
[PlyCount "49"]
[EventDate "2023.09.03"]
[WhiteTeam "SF Schlebusch 1"]
[BlackTeam "Pulheimer SC 1"]

1. e4 c6 2. d4 d5 3. Nc3 dxe4 4. Bc4 Nf6 5. f3 exf3 6. Nxf3 Bg4 7. Bxf7+ Kxf7
8. Ne5+ Ke8 9. Nxg4 Qd7 10. Ne5 Qf5 11. Rf1 Qh5 12. Qxh5+ Nxh5 13. d5 Nf6 14.
dxc6 bxc6 15. Bg5 h6 16. Ng6 Rg8 17. Bh4 Nbd7 18. O-O-O Rd8 19. Bf2 a6 20. Rfe1
Rc8 21. Re2 Kf7 22. Nxf8 Rgxf8 23. Rde1 Rfe8 24. Re6 Nf8 25. R6e2 1/2-1/2

[Event "SVM_Verbandsliga_Nord_2023-24"]
[Site "?"]
[Date "2023.09.03"]
[Round "1.6"]
[White "Strack, Luka"]
[Black "Nöh, Helge"]
[Result "1-0"]
[WhiteElo "1658"]
[BlackElo "1685"]
[PlyCount "55"]
[EventDate "2023.09.03"]
[WhiteTeam "Pulheimer SC 1"]
[BlackTeam "SF Schlebusch 1"]

1. e4 e5 2. Nf3 Nc6 3. Bc4 Bc5 4. c3 Nf6 5. d3 h6 6. O-O d6 7. Be3 Bxe3 8. fxe3
Be6 9. Bxe6 fxe6 10. Qb3 Qc8 11. Nbd2 O-O 12. Nh4 Kh7 13. h3 Ne7 14. Rf2 g5 15.
Nhf3 Ng6 16. Raf1 Qd7 17. Nxg5+ hxg5 18. Rxf6 g4 19. hxg4 Rae8 20. Rxf8 Rxf8
21. Qxb7 Qe7 22. Qxa7 Kh6 23. Rxf8 Nxf8 24. Nf3 Qg7 25. g5+ Kh5 26. Qb8 Kg4 27.
Qd8 Nh7 28. a4 1-0

[Event "SVM_Verbandsliga_Nord_2023-24"]
[Site "?"]
[Date "2023.09.03"]
[Round "1.7"]
[White "Kuberczyk, Samuel"]
[Black "Kasperowicz, Thomas"]
[Result "1/2-1/2"]
[WhiteElo "1521"]
[BlackElo "1586"]
[PlyCount "54"]
[EventDate "2023.09.03"]
[WhiteTeam "SF Schlebusch 1"]
[BlackTeam "Pulheimer SC 1"]

1. d4 d5 2. Bf4 Nf6 3. Nf3 c5 4. e3 e6 5. c3 Be7 6. Bd3 O-O 7. Nbd2 b6 8. O-O
Ba6 9. Bxa6 Nxa6 10. Qe2 Nc7 11. h3 Nd7 12. e4 dxe4 13. Nxe4 Nd5 14. Bh2 cxd4
15. Nxd4 N7f6 16. Nc6 Qd7 17. Nxe7+ Nxe7 18. Nxf6+ gxf6 19. Rfd1 Qb7 20. Qg4+
Kh8 21. Qh4 Kg7 22. Bd6 Rg8 23. Bxe7 Qxe7 24. Rd3 Rad8 25. Rad1 Rxd3 26. Rxd3
Kh8 27. Qd4 Kg7 1/2-1/2

[Event "SVM_Verbandsliga_Nord_2023-24"]
[Site "?"]
[Date "2023.09.03"]
[Round "1.8"]
[White "Mertens, Beate"]
[Black "Buchmeier, Armin"]
[Result "1/2-1/2"]
[WhiteElo "1413"]
[BlackElo "1553"]
[PlyCount "39"]
[EventDate "2023.09.03"]
[WhiteTeam "Pulheimer SC 1"]
[BlackTeam "SF Schlebusch 1"]

1. e4 e5 2. Nf3 Nc6 3. Bc4 d6 4. Nc3 Be7 5. h3 Na5 6. Be2 Be6 7. d3 Nf6 8. Ng5
Qd7 9. Nxe6 Qxe6 10. Bd2 Nc6 11. O-O Nd4 12. f4 Nxe2+ 13. Qxe2 exf4 14. Bxf4
O-O-O 15. e5 Nd5 16. Nxd5 Qxd5 17. exd6 Bxd6 18. Bxd6 Qxd6 19. Qg4+ Qd7 20. Qc4
1/2-1/2

[Event "SVM_Verbandsliga_Nord_2023-24"]
[Site "?"]
[Date "2023.09.03"]
[Round "1.1"]
[White "Wrzesniak, Marek"]
[Black "Cordts, Ingo"]
[Result "1/2-1/2"]
[WhiteElo "1904"]
[BlackElo "2213"]
[PlyCount "33"]
[EventDate "2023.09.03"]
[WhiteTeam "Bayer Leverkusen 2"]
[BlackTeam "Ford SF Köln 1"]

1. d4 Nf6 2. Nf3 d5 3. e3 c5 4. c4 cxd4 5. Nxd4 e5 6. Nb3 Be6 7. cxd5 Nxd5 8.
Nc3 Nc6 9. Bb5 Ndb4 10. O-O Qxd1 11. Rxd1 Nxa2 12. Na5 Nxc3 13. bxc3 Bd7 14.
Nxb7 Rb8 15. Bxc6 Bxc6 16. Nd6+ Bxd6 17. Rxd6 1/2-1/2

[Event "SVM_Verbandsliga_Nord_2023-24"]
[Site "?"]
[Date "2023.09.03"]
[Round "1.2"]
[White "Reichelt, Frank"]
[Black "Horstmann, Benjamin"]
[Result "1-0"]
[WhiteElo "1964"]
[BlackElo "1798"]
[PlyCount "41"]
[EventDate "2023.09.03"]
[WhiteTeam "Ford SF Köln 1"]
[BlackTeam "Bayer Leverkusen 2"]

1. d4 Nf6 2. Bf4 d6 3. Nc3 g6 4. e4 c6 5. Qd2 Bg7 6. f3 O-O 7. g4 Qa5 8. h4 h5
9. g5 Ne8 10. Be3 e5 11. f4 exf4 12. Bxf4 d5 13. exd5 cxd5 14. Bg2 Be6 15. Nxd5
Qd8 16. Ne3 Qe7 17. d5 Bc8 18. d6 Qd8 19. O-O-O Qb6 20. c3 Be6 21. Nd5 1-0

[Event "SVM_Verbandsliga_Nord_2023-24"]
[Site "?"]
[Date "2023.09.03"]
[Round "1.3"]
[White "Petrovic, Julijan"]
[Black "Mays, Stephan"]
[Result "1/2-1/2"]
[WhiteElo "1746"]
[BlackElo "1933"]
[PlyCount "80"]
[EventDate "2023.09.03"]
[WhiteTeam "Bayer Leverkusen 2"]
[BlackTeam "Ford SF Köln 1"]

1. d4 g6 2. e4 Bg7 3. Be3 d6 4. Nc3 Nd7 5. Qd2 h6 6. Nf3 e6 7. Bc4 Ne7 8. O-O-O
a6 9. Ne1 b5 10. Be2 Bb7 11. a3 Nb6 12. f4 d5 13. e5 Nc6 14. b3 Bf8 15. Kb2 b4
16. axb4 Nxb4 17. Nd3 Nxd3+ 18. Bxd3 Bc6 19. Ra1 Qb8 20. Qe2 Bb4 21. Bxa6 O-O
22. h4 Nc4+ 23. Bxc4 dxc4 24. Qxc4 Rxa1 25. Rxa1 Bxc3+ 26. Qxc3 Bxg2 27. h5 Be4
28. Rg1 Qd8 29. f5 g5 30. f6 Kh7 31. Qd2 Rg8 32. Qe2 Bf5 33. c4 Qb8 34. Bd2 Qb6
35. Qe3 Qa6 36. Ra1 Qb7 37. Rg1 Rb8 38. b4 Qe4 39. Qxe4 Bxe4 40. Rg3 c6 1/2-1/2

[Event "SVM_Verbandsliga_Nord_2023-24"]
[Site "?"]
[Date "2023.09.03"]
[Round "1.4"]
[White "Fokken, Achim"]
[Black "Rathmann, Wolfgang"]
[Result "1/2-1/2"]
[WhiteElo "1879"]
[BlackElo "1647"]
[PlyCount "144"]
[EventDate "2023.09.03"]
[WhiteTeam "Ford SF Köln 1"]
[BlackTeam "Bayer Leverkusen 2"]

1. e4 b6 2. d4 Bb7 3. Nc3 e6 4. Nf3 Nf6 5. Bd3 Bb4 6. Qe2 Bxc3+ 7. bxc3 d6 8.
O-O Nbd7 9. Bf4 O-O 10. Rfe1 Re8 11. Rad1 Qe7 12. Bg5 e5 13. d5 Nf8 14. Bb5
Red8 15. c4 Ng6 16. g3 Bc8 17. Bc6 Rb8 18. Kg2 Bd7 19. Bb5 Ra8 20. a4 a6 21.
Bxd7 Rxd7 22. Ra1 a5 23. Nd2 h6 24. Be3 Kh7 25. f3 Rf8 26. g4 Re8 27. Nf1 Nf4+
28. Bxf4 exf4 29. Qd3 Qe5 30. Nd2 Kh8 31. Nb3 Ng8 32. Nd4 Qg5 33. Qd2 Ne7 34.
h4 Qe5 35. h5 g5 36. hxg6 fxg6 37. Rh1 Ng8 38. Ne6 g5 39. c3 Rxe6 40. dxe6 Re7
41. Qd4 Rxe6 42. Rab1 Kg7 43. Rb5 Qxd4 44. cxd4 Nf6 45. c5 dxc5 46. dxc5 Nd7
47. cxb6 cxb6 48. Rhb1 Kf7 49. Kf2 Ke7 50. Ke2 Rd6 51. Rd1 Rc6 52. Rbd5 Nc5 53.
Rc1 Re6 54. Rc4 Kf6 55. Kd2 Ke7 56. Rdxc5 bxc5 57. Rxc5 Rd6+ 58. Kc2 Rd4 59.
Rxa5 Rc4+ 60. Kb3 Rc1 61. Rd5 Rb1+ 62. Kc3 Ra1 63. a5 Ra3+ 64. Kb4 Rxf3 65. a6
Rf1 66. a7 Rb1+ 67. Kc5 Ra1 68. Kb6 f3 69. Rf5 Rb1+ 70. Kc7 Rc1+ 71. Kb6 Rb1+
72. Ka6 Ra1+ 1/2-1/2

[Event "SVM_Verbandsliga_Nord_2023-24"]
[Site "?"]
[Date "2023.09.03"]
[Round "1.5"]
[White "Axmann, Michael"]
[Black "Müller, Martin"]
[Result "1-0"]
[WhiteElo "1646"]
[BlackElo "1810"]
[PlyCount "37"]
[EventDate "2023.09.03"]
[WhiteTeam "Bayer Leverkusen 2"]
[BlackTeam "Ford SF Köln 1"]

1. d4 d5 2. Nf3 e6 3. e3 Nf6 4. Bd3 Bd6 5. Nbd2 O-O 6. O-O c5 7. b3 b6 8. Bb2
Ba6 9. c4 cxd4 10. exd4 dxc4 11. bxc4 Bb7 12. Qe2 Nbd7 13. Rad1 Rc8 14. Ne5 Qe7
15. f4 Rfd8 16. Ndf3 Nf8 17. Ng5 Bxe5 18. fxe5 N6d7 19. Nxf7 1-0